| 000 | 01148aab a2200205 i 4500 | ||
|---|---|---|---|
| 001 | 768714001 | ||
| 003 | CO-MdFUSB | ||
| 005 | 20240424133912.0 | ||
| 008 | 220805t2005 ck |||| |||| 00| 0 spa d | ||
| 022 | _a14091968 | ||
| 040 |
_bspa _cCO-MdFUSB |
||
| 041 | _aspa | ||
| 110 | _aApuntes Pastorales, | ||
| 245 | 1 | 0 |
_aA toda tribu Apolo Kivebulaya _c/ Apuntes Pastorales |
| 300 |
_aVolumen 22, número 3 (abril - junio, 2005), páginas: 52 - 53 _c; 27 cm |
||
| 520 | _aNo existen barreras ni obstáculos para aquellos que desean extender el reino de Dios, incluso a las regiones más remotas de la tierra. El servir a Cristo implica un llamado ser partícipe de sus sufrimientos, los cuales pueden incluir hasta la cárcel y la muerte. No es posible predicar el evangelio sin despertar oposición entre los que son de las tinieblas. El carácter y la vida personal de un líder constituyen sus herramientas más eficaces para impactar la vida de los demás. | ||
| 650 | 0 |
_91238 _aBiografías cristianas |
|
| 773 | 0 |
_tApuntes Pastorales _049442 _960138 _gVolumen 22, número 3 (abril - junio, 2005), páginas: 52 - 53 _qpágina: 52 |
|
| 942 | _cANA | ||
| 999 |
_c60966 _d60966 |
||